Disney Songs - Statistics

General Stats
  • This quiz has been taken 9,046 times
    9,039 since last reset
  • The average score is 13 of 30
Answer Stats
Hint Answer % Correct
Reflection Mulan
87%
Cruella DeVille 101 Dalmatians
84%
Poor Unfortunate Souls The Little Mermaid
82%
One Jump Ahead Aladdin
77%
I Won't Say I'm In Love Hercules
73%
Be Prepared The Lion King
69%
Thomas O'Malley The Aristocats
65%
The Mob Song Beauty and the Beast
54%
Mine, Mine, Mine Pocahontas
50%
Strangers Like Me Tarzan
49%
Silly Song Snow White and the Seven Dwarfs
48%
Little April Shower Bambi
47%
God Help the Outcasts The Hunchback of Notre Dame
47%
Trust In Me The Jungle Book
45%
I Will Go Sailing No More Toy Story
44%
Skumps Sleeping Beauty
42%
I Love to Laugh Mary Poppins
41%
Love Robin Hood
36%
The Best of Friends The Fox and the Hound
33%
Your Mother and Mine Peter Pan
28%
Song of the Roustabouts Dumbo
22%
Let's Get Together The Parent Trap
21%
If I Didn't Have You Monsters, Inc.
19%
Someone's Waiting For You The Rescuers
19%
Very Good Advice Alice in Wonderland
17%
Perfect Isn't Easy Oliver and Company
17%
Honest John Pinocchio
17%
Candle on the Water Pete's Dragon
12%
Eglantine Bedknobs and Broomsticks
8%
Pretty Irish Girl Darby O'Gill and the Little People
3%
No matching quizzes found
Score Distribution
Percent of People with Each Score
Percentile by Number Answered
Your Score History
You have not taken this quiz since the last reset